[Event "Ports Lge"]
[Site "?"]
[Date "1996.??.??"]
[Round "?"]
[White "Tunks, Dominic R"]
[Black "Brameld, Arthur F"]
[Result "1-0"]
[WhiteElo "2070"]
[BlackElo "2180"]
[PlyCount "87"]
[EventDate "1996.??.??"]
[EventType "simul"]
[EventRounds "7"]

1. Nf3 c5 2. b3 d5 3. Bb2 Nf6 4. e3 Nc6 5. Bb5 Bd7 6. O-O Rc8 7. c4 a6 8. Bxc6 Bxc6 9. Ne5 dxc4 10. bxc4 Nd7 11. Nxc6 Rxc6 12. Nc3 Nf6 13. d3 Qd7 14. e4 Rd6 15. Nd5 Nxd5 16. exd5 Rb6 17. Qd2 h5 18. Rfe1 h4 19. h3 Rh5 20. Re4 Rg6 21. Kh2 Kd8 22. f4 Rg3 23. Rae1 Rh6 24. R1e2 Kc8 25. f5 f6 26. Re6 Rh8 27. Bc1 Qa4 28. Qc3 Qd1 29. Bf4 Qf1 30. Qd2 Rxd3 31. Qxd3 Qxf4+ 32. Kg1 {Sealed Move.} Qd4+ 33. Qxd4 cxd4 34. R2e4 d3 35. Kf2 Kd7 36. Ke3 Rh5 37. Kxd3 Rxf5 38. Rxh4 g6 39. Rh8 Bg7 40. Rb8 b5 41. Rb7+ Kc8 42. Rexe7 bxc4+ 43. Kxc4 Rf4+ 44. Kd3 1-0

[Event "Soton Lge"]
[Site "?"]
[Date "1996.??.??"]
[Round "?"]
[White "Brameld, Arthur F"]
[Black "Bell, David W"]
[Result "1-0"]
[WhiteElo "2180"]
[BlackElo "1935"]
[PlyCount "47"]
[EventDate "1996.??.??"]
[EventType "simul"]
[EventRounds "2"]

1. e4 e6 2. d4 d5 3. Nc3 Bb4 4. Qd3 dxe4 5. Qxe4 Nf6 6. Qh4 Bd7 7. Nf3 Bc6 8. Ne5 Be4 9. Nd3 Bxc3+ 10. bxc3 O-O 11. f3 Bxd3 12. Bxd3 Nbd7 13. Rb1 b6 14. g4 g6 15. Bg5 c6 16. O-O Re8 17. Rbe1 Kg7 18. f4 Qc7 19. Re3 h5 20. f5 Nxg4 21. f6+ Kg8 22. Rg3 Nf8 23. Rxg4 hxg4 24. Qh6 1-0

[Event "Soton Lge/Robertson Cup"]
[Site "?"]
[Date "1996.??.??"]
[Round "?"]
[White "Davies, J."]
[Black "Brameld, Arthur F"]
[Result "1/2-1/2"]
[WhiteElo "1920"]
[BlackElo "2180"]
[PlyCount "80"]
[EventDate "1996.??.??"]
[EventType "game"]

1. d4 Nf6 2. Nf3 e6 3. c4 c5 4. d5 exd5 5. cxd5 g6 6. Nc3 d6 7. e4 Bg7 8. Bg5 h6 9. Bh4 O-O 10. Nd2 Re8 11. Be2 a6 12. a4 Nbd7 13. O-O g5 14. Bg3 Ne5 15. Ra3 Qc7 16. f3 Nh5 17. Bf2 Nf4 18. Nc4 Bd7 19. Nxe5 Bxe5 20. Bc4 Rab8 21. a5 b5 22. axb6 Rxb6 23. Qc2 Reb8 24. b3 Bb5 25. Na4 Bxc4 26. Qxc4 Rb5 27. Kh1 Qb7 28. Rb1 Rb4 29. Qc2 Qb5 30. Bg3 c4 31. Nc3 cxb3 32. Raxb3 Bxc3 33. Rxb4 Bxb4 34. Bxf4 gxf4 35. g3 Qc5 36. Qg2 Kh7 37. Qh3 Bd2 38. Qf5+ Kg7 39. Qg4+ Kf6 40. Qf5+ Kg7 1/2-1/2

[Event "Soton Lge & Robertson Cup fin."]
[Site "?"]
[Date "1996.??.??"]
[Round "?"]
[White "Brameld, Arthur F"]
[Black "Blake, Chris"]
[Result "0-1"]
[WhiteElo "2180"]
[BlackElo "1975"]
[PlyCount "64"]
[EventDate "1996.??.??"]
[EventType "game"]

1. e4 e6 2. d4 d5 3. Nc3 Nf6 4. e5 Nfd7 5. f4 c5 6. Nf3 Nc6 7. Be3 Be7 8. Qd2 a6 9. O-O-O b5 10. dxc5 Nxc5 11. Qf2 Nd7 12. Nd4 Nxd4 13. Bxd4 Qa5 14. Kb1 b4 15. Ne2 Bc5 16. Qg3 g6 17. h4 h5 18. f5 gxf5 19. Bxc5 Qxc5 20. Nf4 a5 21. Be2 Qe7 22. Bxh5 Bb7 23. Qg7 Rf8 24. c4 $2 bxc3 25. Rc1 Rc8 26. Rxc3 Rxc3 27. bxc3 d4 28. Rd1 Be4+ 29. Ka1 Qa3 30. Qg3 dxc3 31. Nd3 Bxd3 32. Qxd3 Qb2# 0-1

[Event "Ports Lge"]
[Site "?"]
[Date "1996.??.??"]
[Round "?"]
[White "Brameld, Arthur F"]
[Black "Carter, Anthony FC"]
[Result "1-0"]
[WhiteElo "2180"]
[BlackElo "2100"]
[PlyCount "61"]
[EventDate "1996.??.??"]
[EventType "simul"]
[EventRounds "7"]

1. e4 c5 2. Nf3 e6 3. d4 cxd4 4. Nxd4 a6 5. Bd3 Qc7 6. O-O Nf6 7. c3 d6 8. f4 Bd7 9. Be3 Nc6 10. h3 Be7 11. Nd2 O-O 12. N2f3 Rad8 13. Qe2 e5 14. fxe5 dxe5 15. Nb3 Bc8 16. Rad1 Nd7 17. Qf2 Na5 18. Nxa5 Qxa5 19. Bc4 Qc7 20. Bd5 Bc5 21. Bxc5 Nxc5 22. Ng5 Ne6 23. Bxe6 Bxe6 24. Rxd8 Qxd8 25. Nxe6 fxe6 26. Qxf8+ Qxf8 27. Rxf8+ Kxf8 28. Kf2 Ke7 29. Ke3 h5 30. g3 g5 31. Kd3 {Sealed move.} 1-0

[Event "CSCC"]
[Site "?"]
[Date "1996.??.??"]
[Round "1"]
[White "Brameld, Arthur F"]
[Black "Emmins, K."]
[Result "1-0"]
[WhiteElo "2180"]
[BlackElo "2840"]
[PlyCount "23"]
[EventDate "1996.??.??"]
[EventType "swiss"]
[EventRounds "7"]

1. e4 e5 2. f4 Nc6 3. Nf3 Nd4 4. fxe5 Nxf3+ 5. Qxf3 Bc5 6. c3 d6 7. d4 Bb6 8. Bc4 Be6 9. d5 Bd7 10. e6 fxe6 11. dxe6 Bc6 12. Qf7# 1-0

[Event "CSCC"]
[Site "?"]
[Date "1996.??.??"]
[Round "2"]
[White "Lampert, S."]
[Black "Brameld, Arthur F"]
[Result "1-0"]
[WhiteElo "1720"]
[BlackElo "2180"]
[PlyCount "75"]
[EventDate "1996.??.??"]
[EventType "swiss"]
[EventRounds "7"]

1. e4 Nf6 2. e5 Nd5 3. Nf3 d6 4. exd6 cxd6 5. d4 Bg4 6. Be2 e6 7. O-O Be7 8. c4 Nb6 9. Nc3 O-O 10. Nd2 Bxe2 11. Qxe2 Nc6 12. Nf3 Bf6 13. Rd1 Rc8 14. c5 dxc5 15. dxc5 Nd5 16. Ne4 Qe7 17. Rb1 Rfd8 18. a3 b6 19. cxb6 axb6 20. Nxf6+ Nxf6 21. Bg5 h6 22. Bh4 e5 23. Rxd8+ Rxd8 24. Rc1 e4 25. Qb5 Qd6 26. Ne1 Nd4 27. Qa6 Kh7 28. Bg3 Qd5 29. h3 b5 30. Kh2 Ne2 31. Rc7 e3 32. Nf3 Nxg3 33. fxg3 e2 34. Re7 Rd6 35. Qc8 Re6 36. Qc2+ g6 37. Rxf7+ Kg8 38. Qxg6+ 1-0

[Event "CSCC"]
[Site "?"]
[Date "1996.??.??"]
[Round "3"]
[White "Brameld, Arthur F"]
[Black "Morrison, Munroe"]
[Result "1/2-1/2"]
[WhiteElo "2180"]
[BlackElo "2865"]
[PlyCount "55"]
[EventDate "1996.??.??"]
[EventType "swiss"]
[EventRounds "7"]

1. e4 e6 2. d4 c5 3. Nf3 cxd4 4. Nxd4 a6 5. Bd3 Qc7 6. O-O Bc5 7. Nb3 Be7 8. Be3 d6 9. a4 b6 10. N1d2 Nd7 11. f4 Ngf6 12. c3 Bb7 13. Qe2 O-O 14. g4 g6 15. g5 Nh5 16. Qg4 d5 17. e5 Ng7 18. Nd4 Nc5 19. Bc2 Nf5 20. Rf3 Ne4 21. Nxe4 dxe4 22. Rh3 Bc5 23. Bb3 Bxd4 24. cxd4 Qe7 25. Bf2 Rfd8 26. Rd1 Qb4 27. Be1 Qe7 28. Bc3 1/2-1/2

[Event "CSCC"]
[Site "?"]
[Date "1996.??.??"]
[Round "4"]
[White "Carbin, M."]
[Black "Brameld, Arthur F"]
[Result "0-1"]
[WhiteElo "2680"]
[BlackElo "2180"]
[PlyCount "44"]
[EventDate "1996.??.??"]
[EventType "swiss"]
[EventRounds "7"]

1. e4 Nf6 2. d3 e5 3. Nf3 Nc6 4. g3 Bc5 5. h3 d5 6. Nbd2 h6 7. Bg2 Be6 8. O-O Qd7 9. Re1 dxe4 10. Nxe4 Nxe4 11. Rxe4 f6 12. Qe2 O-O-O 13. h4 Bd5 14. Be3 Bxe4 15. Bxc5 Bf5 16. Re1 Rhe8 17. Nd2 Nd4 18. Qe3 Qb5 19. Nb3 Nxc2 20. Qf3 Nxe1 21. Qxf5+ Qd7 22. Qe4 Nxg2 0-1

[Event "CSCC"]
[Site "?"]
[Date "1996.??.??"]
[Round "5"]
[White "Brameld, Arthur F"]
[Black "Hammond, Andy"]
[Result "1-0"]
[Annotator "Hiarcs 6.0 (30s)"]
[WhiteElo "2180"]
[BlackElo "2125"]
[PlyCount "101"]
[EventDate "1996.??.??"]
[EventType "swiss"]
[EventRounds "7"]

1. e4 c5 2. Nf3 e6 3. d4 cxd4 4. Nxd4 Nc6 5. Nc3 a6 6. Be3 Nge7 7. Bc4 Nxd4 {out of book} 8. Qxd4 b5 9. Bb3 Nc6 10. Qb6 $11 (10. Qd3 Ne5 11. Qe2 Bb7 $14) 10... Qh4 11. O-O-O $11 (11. a3 Bd6 12. Bd2 Be5 $11) 11... Be7 $14 (11... Bb4 12. f4 $11) 12. g3 Qh5 13. h4 O-O $14 (13... Qf3 14. a3 $11) 14. g4 $15 (14. a3 $142 $5 $14 {is the best option White has}) 14... Qxg4 15. Rdg1 Qh5 $15 (15... Qf3 $5 16. a3 Bf6 $17) 16. Qc7 $17 (16. Bg5 Rb8 17. Qc7 f6 $17) 16... Qe5 17. Qxe5 Nxe5 18. Bd4 f6 19. Nd5 Bd8 20. Rh3 $17 (20. Bc5 Re8 21. Ne3 $17) 20... Bb7 21. f4 Nc6 $15 (21... Nc4 $5 22. Bxc4 bxc4 $17) 22. Bc5 Rf7 23. Rhg3 $2 $17 (23. Nb6 $142 $5 Bxb6 24. Bxb6 $15) 23... Na5 24. Nc3 Nxb3+ 25. axb3 Rc8 $17 {25....Bc7!?} 26. b4 Bc7 $1 {a devastating blow} 27. Rf1 d6 28. Be3 Bb8 29. h5 (29. f5 exf5 $1 {the punch} 30. exf5 Rc4 $19) 29... Kf8 $17 (29... Rc4 $142 $5 30. Bb6 $19) 30. Rfg1 h6 $15 (30... Re7 $5 31. h6 g6 $17) 31. Rg6 $17 (31. f5 exf5 32. exf5 d5 $15) 31... Rc4 32. Kd2 $2 $19 (32. f5 $142 {would keep White in the game} Bxe4 33. Nxe4 Rxe4 34. Rxg7 Rxe3 35. Rg8+ Ke7 36. Rxb8 exf5 37. Rh8 $17) 32... f5 $17 (32... Bxe4 $142 {and Black gets the upper hand} 33. Nxe4 Rxe4 $19) 33. e5 $2 $19 (33. b3 Rcc7 34. exf5 Rxf5 35. Rxe6 Rxh5 36. Reg6 Rh2+ 37. Kd3 $19) 33... dxe5 $17 (33... Rd7 $142 $5 34. Rxe6 dxe5+ 35. Kc1 exf4 36. Bc5+ Kf7 $19) 34. Bc5+ Kg8 35. Rxe6 e4 $4 $18 {throwing away the advantage} (35... a5 $142 36. fxe5 axb4 37. Re8+ Kh7 38. Bxb4 Bxe5 39. Rxe5 Rxb4 $17) 36. Re8+ Kh7 37. Rxb8 Rd7+ 38. Ke3 (38. Kc1 $5 {makes it even easier for White} e3 39. Rf8 Rxf4 40. Bxe3 Rxb4 41. Rxf5 Rh4 $18) 38... a5 39. Rd1 Rxd1 40. Nxd1 axb4 41. Bxb4 $1 Bd5 (41... Bc6 {doesn't change the outcome of the game} 42. c3 Bd7 43. Rb7 $18) 42. Bc3 (42. Nc3 {might be the shorter path} Bf7 43. Rxb5 Be8 $18) 42... Bf7 43. Rb7 Kg8 44. Rxb5 (44. Kd2 $5 b4 45. Be5 Rc8 $18) 44... Bxh5 45. Nf2 Bg6 46. Nh1 Rc7 47. Ng3 Rf7 48. Ne2 h5 (48... Bh5 {does not help much} 49. b4 $18) 49. Be1 Ra7 50. Ra5 Rb7 (50... Rxa5 51. Bxa5 Bf7 52. b4 $18) 51. b3 (51. b3 Bh7 52. Nd4 $18) 1-0

[Event "CSCC"]
[Site "?"]
[Date "1996.??.??"]
[Round "6"]
[White "Canham, E John"]
[Black "Brameld, Arthur F"]
[Result "0-1"]
[WhiteElo "1885"]
[BlackElo "2180"]
[PlyCount "84"]
[EventDate "1996.??.??"]
[EventType "swiss"]
[EventRounds "7"]

1. Nf3 d5 2. d4 g6 3. c4 Nf6 4. cxd5 Nxd5 5. e4 Nb6 6. h3 Bg7 7. Nc3 O-O 8. Be3 c6 9. Rc1 Be6 10. b3 h6 11. g4 a5 12. a4 Qd6 13. Bd3 Qb4 14. Qd2 Kh7 15. Ne2 Na6 16. Bxa6 Rxa6 17. Qxb4 axb4 18. Rb1 Na8 19. Nf4 Nc7 20. Nd3 f5 21. gxf5 gxf5 22. e5 Bd5 23. Ke2 Be4 24. Rbc1 Nd5 25. Bd2 b5 26. Nc5 Ra7 27. Nxe4 fxe4 28. Nh4 bxa4 29. bxa4 Rxa4 30. Rxc6 Ra2 31. Rg1 Rf4 32. Rcg6 Bh8 33. R1g4 Rxg4 34. Rxg4 b3 35. Nf5 b2 36. Rh4 Nf4+ 37. Ke3 b1=Q 38. Rxh6+ Kg8 39. Nxe7+ Kf7 40. Rh7+ Bg7 41. Nf5 Nd5+ 42. Ke2 Qd3+ 0-1

[Event "CSCC"]
[Site "?"]
[Date "1996.??.??"]
[Round "7"]
[White "Brameld, Arthur F"]
[Black "Watson, Paul"]
[Result "1/2-1/2"]
[Annotator "Fritz 4.01"]
[WhiteElo "2180"]
[BlackElo "1845"]
[PlyCount "63"]
[EventDate "1996.??.??"]
[EventType "swiss"]
[EventRounds "7"]

1. e4 e5 2. f4 d5 3. exd5 e4 4. d3 Nf6 5. Qe2 {out of book} Qxd5 6. Nc3 Bb4 7. Bd2 Bxc3 8. Bxc3 (8. bxc3 $143 O-O $15) 8... Nbd7 $16 (8... Bf5 $5 $14) 9. dxe4 Qxe4 10. Qxe4+ Nxe4 11. Bxg7 Rg8 12. Bd4 c5 13. Be3 Ndf6 14. Bb5+ Ke7 15. g3 Be6 16. Nf3 Nd5 17. Ke2 Rac8 18. Bd3 Nef6 19. c3 b6 20. Ne5 h5 21. f5 Bd7 22. Rad1 Ng4 23. Nxg4 Rxg4 24. Ba6 Nxe3 25. Rxd7+ (25. Kxe3 $143 Re8 $11) 25... Kxd7 26. Bxc8+ Kxc8 27. Kxe3 Kd7 28. Rf1 $14 (28. Rd1+ $5 Ke7 29. b3 $16) 28... Ke7 29. Rf4 Rg5 30. Ke4 Kf6 31. a4 Rg8 32. Rf2 1/2-1/2

[Event "Ports Lge"]
[Site "?"]
[Date "1996.??.??"]
[Round "?"]
[White "Marsh, Roger"]
[Black "Brameld, Arthur F"]
[Result "1/2-1/2"]
[WhiteElo "1980"]
[BlackElo "2180"]
[PlyCount "22"]
[EventDate "1996.??.??"]
[EventType "simul"]
[EventRounds "7"]

1. d4 Nf6 2. c4 e6 3. Nc3 Bb4 4. Nf3 b6 5. Bg5 h6 6. Bh4 Bb7 7. e3 g5 8. Bg3 Ne4 9. Qc2 Bxc3+ 10. bxc3 Nxg3 11. fxg3 d6 1/2-1/2

[Event "Hants v Kent ¼ Finals"]
[Site "?"]
[Date "1996.??.??"]
[Round "?"]
[White "Brameld, Arthur F"]
[Black "Naylor, J."]
[Result "0-1"]
[WhiteElo "2180"]
[BlackElo "2205"]
[PlyCount "110"]
[EventDate "1996.??.??"]
[EventType "game"]

1. e4 e6 2. d4 d5 3. Nc3 Bb4 4. Qd3 dxe4 5. Qxe4 Nf6 6. Qh4 Nd5 7. Qxd8+ Kxd8 8. Bd2 Nxc3 9. bxc3 Bd6 10. Bd3 b6 11. Be4 c6 12. Nh3 h6 13. Bf4 Bxf4 14. Nxf4 Kc7 15. O-O Nd7 16. Nd3 Nf6 17. Bf3 Ba6 18. Rfe1 Bxd3 19. cxd3 Rad8 20. Re5 Nd5 21. Bxd5 cxd5 22. Kf1 Kd6 23. Ke2 Rd7 24. Kd2 Rc8 25. Ree1 Rdc7 26. Rec1 g5 27. a4 f6 28. Rab1 e5 29. Rb4 h5 30. f3 Rc6 31. dxe5+ fxe5 32. Rb5 Rc5 33. Rb4 R8c6 34. Rc2 a6 35. Rc1 b5 36. axb5 axb5 37. d4 exd4 38. Rxd4 Ra6 39. Rc2 Ra4 40. Rb2 Kc6 41. Rxa4 bxa4 42. Ra2 Rc4 43. Kd3 Kc5 44. g3 d4 45. cxd4+ Rxd4+ 46. Ke3 Rb4 47. f4 gxf4+ 48. gxf4 Kd5 49. Rd2+ Ke6 50. Rc2 Rb3+ 51. Ke4 Rb4+ 52. Ke3 a3 53. Rc6+ Kd5 54. Rc3 a2 55. Rd3+ Ke6 0-1

[Event "WECU Jamboree"]
[Site "?"]
[Date "1996.??.??"]
[Round "?"]
[White "Brameld, Arthur F"]
[Black "Fewkes, Jim"]
[Result "1/2-1/2"]
[WhiteElo "2190"]
[BlackElo "1850"]
[PlyCount "58"]
[EventDate "1996.??.??"]
[EventType "game"]

1. e4 c6 2. d4 d5 3. f3 e6 4. Nc3 Nf6 5. e5 Nfd7 6. f4 Bb4 7. a3 Bxc3+ 8. bxc3 b6 9. Qg4 g6 10. Nf3 Ba6 11. Bxa6 Nxa6 12. Ng5 Qe7 13. Qe2 Nc7 14. c4 b5 15. c5 Qf8 16. O-O Ke7 17. Bd2 h5 18. Ba5 Qc8 19. Rae1 Nf8 20. Qf2 Na6 21. Qh4 Ke8 22. h3 Nh7 23. g4 Nxg5 24. Qxg5 Kd7 25. Qf6 Qg8 26. Kg2 Rh7 27. Rh1 Qg7 28. Qxg7 Rxg7 29. g5 Rgg8 1/2-1/2

[Event "Ports Lge"]
[Site "?"]
[Date "1996.??.??"]
[Round "?"]
[White "Brameld, Arthur F"]
[Black "Cary, Ian"]
[Result "1-0"]
[WhiteElo "2190"]
[BlackElo "1820"]
[PlyCount "81"]
[EventDate "1996.??.??"]
[EventType "simul"]
[EventRounds "7"]

1. e4 e6 2. d4 d5 3. Nc3 Bb4 4. Qd3 dxe4 5. Qxe4 Nf6 6. Qh4 Nd5 7. Qxd8+ Kxd8 8. Bd2 Nc6 9. Nf3 h6 10. a3 Be7 11. Ne4 Bd7 12. Bd3 f5 13. Nc5 Bxc5 14. dxc5 Ke7 15. O-O-O Rae8 16. Rhe1 Kd8 17. Ne5 Nxe5 18. Rxe5 Ne7 19. Bc3 Nc6 20. Re3 Rhg8 21. Bc4 Kc8 22. Rde1 Nd8 23. b4 g5 24. b5 Rg6 25. a4 g4 26. Kb2 h5 27. Be5 Nf7 28. Bf4 Nd8 29. Kc3 Nf7 30. c6 bxc6 31. bxc6 Bxc6 32. Bxe6+ Rgxe6 33. Rxe6 Rxe6 34. Rxe6 Bxa4 35. Ra6 Bd7 36. Rxa7 c6 37. Ra8+ Kb7 38. Rb8+ Ka7 39. Rf8 Be6 40. Re8 Bd5 41. Kd4 1-0

[Event "Guernsey"]
[Site "Guernsey"]
[Date "1996.??.??"]
[Round "1"]
[White "Brameld, Arthur F"]
[Black "Westerman, HW."]
[Result "0-1"]
[WhiteElo "2190"]
[BlackElo "1960"]
[PlyCount "102"]
[EventDate "1996.??.??"]
[EventType "swiss"]
[EventRounds "7"]
[EventCountry "GCI"]

1. e4 e6 2. d4 d5 3. Nc3 Bb4 4. Qd3 dxe4 5. Qxe4 Nf6 6. Qh4 Bd7 7. Nf3 Bc6 8. Ne5 Qd5 9. f3 Bb5 10. Nd3 Bxd3 11. Bxd3 Nc6 12. Be3 O-O-O 13. O-O Bxc3 14. bxc3 Na5 15. Rfb1 Nc4 16. Bg5 c6 17. Rb4 Nd6 18. Bxf6 gxf6 19. Qxf6 Rhg8 20. Rab1 c5 21. dxc5 Qxc5+ 22. Qd4 Rg5 23. Qxc5+ Rxc5 24. Rh4 h5 25. Rbb4 Rg8 26. g3 Rgg5 27. Rhd4 Kc7 28. f4 Rgd5 29. Kf2 Kc6 30. Rxd5 Kxd5 31. Rd4+ Kc6 32. c4 Ra5 33. h3 Rxa2 34. Ke3 Ra1 35. g4 hxg4 36. hxg4 a5 37. f5 exf5 38. gxf5 a4 39. Kf4 a3 40. c5 Kxc5 41. Ra4 a2 42. Ra7 Kd4 43. Ra4+ Kc3 44. Ra3+ Kb4 45. Ra7 b5 46. Ke5 Nc4+ 47. Kf6 Na3 48. Bxb5 Nxb5 49. c3+ Nxc3 50. Rxa2 Rxa2 51. Kxf7 Nd5 0-1

[Event "Guernsey"]
[Site "Guernsey"]
[Date "1996.??.??"]
[Round "2"]
[White "Soesan, J."]
[Black "Brameld, Arthur F"]
[Result "1/2-1/2"]
[WhiteElo "1840"]
[BlackElo "2190"]
[PlyCount "57"]
[EventDate "1996.??.??"]
[EventType "swiss"]
[EventRounds "7"]
[EventCountry "GCI"]

1. d4 Nf6 2. Nf3 e6 3. Bf4 c5 4. e3 b6 5. Bd3 Bb7 6. Nbd2 Be7 7. O-O d6 8. h3 O-O 9. c4 Nbd7 10. Qe2 Rc8 11. Rac1 Re8 12. Bb1 Nf8 13. Rfd1 Ng6 14. Bh2 cxd4 15. Nxd4 d5 16. cxd5 Qxd5 17. N2f3 Qa5 18. Qb5 Qxb5 19. Nxb5 Bxf3 20. gxf3 Nh4 21. Nxa7 Nxf3+ 22. Kg2 Rxc1 23. Rxc1 Nxh2 24. Kxh2 Ra8 25. Rc8+ Rxc8 26. Nxc8 Bd8 27. Na7 Nd5 28. Nb5 Bf6 29. b3 1/2-1/2

[Event "Guernsey"]
[Site "Guernsey"]
[Date "1996.??.??"]
[Round "3"]
[White "Brameld, Arthur F"]
[Black "Cave, M."]
[Result "1/2-1/2"]
[WhiteElo "2190"]
[BlackElo "1805"]
[PlyCount "55"]
[EventDate "1996.??.??"]
[EventType "swiss"]
[EventRounds "7"]
[EventCountry "GCI"]

1. e4 c5 2. Nf3 d6 3. d4 cxd4 4. Qxd4 a6 5. c4 Nc6 6. Qd2 Nf6 7. Nc3 g6 8. b3 Bg7 9. Bb2 O-O 10. h3 Qa5 11. Rb1 Rd8 12. a3 Qc7 13. Be2 b6 14. O-O Bb7 15. Rfc1 e6 16. Qe3 Rab8 17. Nd5 exd5 18. cxd5 Qd7 19. dxc6 Bxc6 20. Bxa6 Nxe4 21. Bxg7 Kxg7 22. Nd4 Ba8 23. Bb5 Qa7 24. Bc6 Nf6 25. Bxa8 Qxa8 26. Nc6 Re8 27. Qd4 Rbc8 28. Qxb6 1/2-1/2

[Event "Guernsey"]
[Site "Guernsey"]
[Date "1996.??.??"]
[Round "4"]
[White "Inglis, M."]
[Black "Brameld, Arthur F"]
[Result "0-1"]
[WhiteElo "1830"]
[BlackElo "2190"]
[PlyCount "96"]
[EventDate "1996.??.??"]
[EventType "swiss"]
[EventRounds "7"]
[EventCountry "GCI"]

1. d4 Nf6 2. Bg5 e6 3. Nf3 h6 4. Bxf6 Qxf6 5. Nbd2 d5 6. e4 c5 7. Bb5+ Bd7 8. Qe2 Qe7 9. dxc5 Qxc5 10. Bxd7+ Nxd7 11. O-O-O Rc8 12. Nb3 Qc4 13. Qxc4 dxc4 14. Nbd4 a6 15. c3 Nc5 16. Rhe1 Nd3+ 17. Rxd3 cxd3 18. Kd2 Bc5 19. Kxd3 Ke7 20. Rd1 Rhd8 21. Ke2 g6 22. Rd2 Ba7 23. Ne5 Bb8 24. Ng4 h5 25. Ne3 Bxh2 26. g3 h4 27. gxh4 Bf4 28. Kf3 Bh6 29. Re2 Bg7 30. Rd2 Bf6 31. Kg4 Rh8 32. Ng2 Be5 33. f4 f5+ 34. exf5 gxf5+ 35. Kf3 Bf6 36. Re2 Bxd4 37. cxd4 Rcd8 38. Ke3 Kd6 39. Rc2 Rdg8 40. Kf3 Rg4 41. Re2 Rhg8 42. Ne3 Rxh4 43. Nc4+ Ke7 44. d5 Rh3+ 45. Kf2 Rh2+ 46. Kf1 Rxe2 47. d6+ Kd7 48. Kxe2 b5 0-1

[Event "Guernsey"]
[Site "Guernsey"]
[Date "1996.??.??"]
[Round "5"]
[White "Brameld, Arthur F"]
[Black "Edmans, Alex"]
[Result "1-0"]
[Annotator "Hiarcs 6.0 (30s)"]
[WhiteElo "2190"]
[BlackElo "1900"]
[PlyCount "51"]
[EventDate "1996.??.??"]
[EventType "swiss"]
[EventRounds "7"]
[EventCountry "GCI"]

1. e4 c5 2. Nf3 Nc6 3. b4 cxb4 4. d4 d5 5. exd5 Qxd5 6. c4 bxc3 7. Nxc3 Qd8 8. d5 Nb8 9. Bf4 a6 $14 {Secures b5} (9... Nf6 10. Be2 $11) 10. Rc1 $11 (10. Bd3 Bg4 $14) 10... Nf6 11. Qa4+ Bd7 {Black should quickly conclude development.} 12. Qb3 b5 $14 (12... b6 13. Bd3 $14) 13. a4 Qa5 14. axb5 Bxb5 $18 (14... axb5 $142 $5 {is an interesting alternative} 15. Bxb5 Bxb5 16. Qxb5+ Qxb5 17. Nxb5 Nxd5 $16) 15. Bxb5+ $16 (15. Nd2 $5 Qd8 16. Nxb5 axb5 17. Bxb5+ Nbd7 18. O-O $18) 15... axb5 16. Qxb5+ $14 (16. Ne5 h6 $16) 16... Qxb5 17. Nxb5 Na6 18. d6 exd6 19. O-O Kd7 (19... Ne4 20. Rfe1 d5 21. Ng5 $16) 20. Ng5 d5 $18 (20... Nd5 $5 21. Bg3 $1 f5 $16) 21. Nxf7 Rg8 22. Nc7 $14 (22. Ne5+ $142 $5 Kd8 23. Rfe1 $18) 22... Nxc7 23. Rxc7+ Ke6 24. Re1+ Kf5 25. Re5+ $2 {weakening the position} (25. Be5 $142 $14 {and White can hope to survive}) 25... Kg4 $4 {a weak move, ruining a winning position} (25... Kxf4 26. g3+ Kg4 $11 27. Kg2 g5) 26. h3+ (26. h3+ Kxf4 27. g3+ Kf3 28. Ng5# {choice of three mates!!}) 1-0

[Event "Guernsey"]
[Site "Guernsey"]
[Date "1996.??.??"]
[Round "6"]
[White "Goris, Antonius"]
[Black "Brameld, Arthur F"]
[Result "1-0"]
[WhiteElo "2080"]
[BlackElo "2190"]
[PlyCount "77"]
[EventDate "1996.??.??"]
[EventType "swiss"]
[EventRounds "7"]
[EventCountry "GCI"]

1. e4 Nf6 2. Nc3 d5 3. e5 Ne4 4. Nxe4 dxe4 5. d4 exd3 6. Bxd3 Nc6 7. Bf4 Qd5 8. Qf3 Qxf3 $2 9. Nxf3 Bg4 10. Be4 Nd8 11. Nd4 c6 12. f3 Be6 13. O-O-O Rc8 14. Rd2 Bd5 15. Bd3 Ne6 $6 16. Nxe6 Bxe6 17. a4 g6 18. Be3 Bg7 19. f4 O-O 20. a5 c5 21. Be4 b6 22. a6 f5 $2 23. Bb7 Rc7 24. Rhd1 Bc8 25. Bxc8 Rfxc8 26. Rd8+ Kf7 27. Rxc8 Rxc8 28. Rd7 Ra8 29. c3 Ke6 30. Rb7 Bf8 31. c4 Bg7 32. Kc2 g5 33. g3 gxf4 34. gxf4 Bh6 35. b4 cxb4 36. Kb3 Rd8 37. Kxb4 Rd7 38. Kc3 Bg7 39. Bxb6 1-0

[Event "Guernsey"]
[Site "Guernsey"]
[Date "1996.??.??"]
[Round "7"]
[White "Brameld, Arthur F"]
[Black "Garner, D."]
[Result "1-0"]
[Annotator "A F BRAMELD"]
[WhiteElo "2190"]
[BlackElo "1900"]
[PlyCount "39"]
[EventDate "1996.??.??"]
[EventType "swiss"]
[EventRounds "7"]
[EventCountry "GCI"]

1. e4 e6 2. d4 d5 3. Nc3 Bb4 4. Qd3 dxe4 5. Qxe4 Nf6 6. Qh4 O-O 7. Bd3 Nbd7 {out of book} 8. Nf3 b6 9. Ne5 $11 (9. Bg5 Qe8 $14) 9... c5 10. Bg5 {With the decisive threat Nxd7} h6 11. Bxh6 gxh6 12. Qxh6 cxd4 13. Nxd7 Bxd7 14. h4 $15 (14. Qg5+ Kh8 15. Qh6+ Kg8 16. Qg5+ Kh8 17. Qh6+ Kg8 $11) 14... dxc3 $11 (14... Re8 15. Rh3 Qc7 16. Rg3+ Qxg3 17. fxg3 dxc3 18. O-O-O cxb2+ 19. Kb1 $14) 15. O-O-O $4 $19 {gives the opponent new chances} (15. Qg5+ $142 {is the best chance} Kh8 16. Qh6+ Kg8 17. Qg5+ Kh8 18. Qh6+ Kg8 $11) 15... cxb2+ 16. Kb1 Qe7 $11 (16... Re8 17. Rh3 Bd6 $11) 17. Rh3 {Do you see the mate threat?} Bd6 {Threatening Rfd8} 18. Rf3 {The mate threat is Rxf6} Bb5 $4 {terrible, but the game is lost in any case} (18... Ne4 $142 19. Bxe4 f5 20. Qg6+ Kh8 21. Bxa8 Be5 $18) 19. Qg5+ $1 {a disturbing check} Kh8 20. Rxf6 $1 {a fitting end to a beautiful game (and it won the brilliancy prize as well!!!)} (20. Rxf6 Bxd3 21. Rxd3 Qxf6 22. Qxf6+ Kg8 23. Rxd6 $18) 1-0

[Event "Ports Lge"]
[Site "?"]
[Date "1996.??.??"]
[Round "?"]
[White "Emerson, William"]
[Black "Brameld, Arthur F"]
[Result "0-1"]
[WhiteElo "1925"]
[BlackElo "2190"]
[PlyCount "67"]
[EventDate "1996.??.??"]
[EventType "simul"]
[EventRounds "7"]

1. Nf3 e6 2. g3 c5 3. Bg2 Nc6 4. d3 d5 5. O-O Nf6 6. Nbd2 Be7 7. Re1 O-O 8. e4 dxe4 9. dxe4 Qa5 10. e5 Nd5 11. Ne4 Rd8 12. Qe2 h6 13. a3 Qc7 14. c4 Nb6 15. Bf4 Nd4 16. Nxd4 cxd4 17. Nf6+ Bxf6 18. exf6 e5 19. Bxe5 Qxc4 20. Qh5 Qe6 21. Bc7 Qf5 22. Qh4 Be6 23. fxg7 Rd7 24. Qxh6 Qh7 25. Qxh7+ Kxh7 26. Be5 Nc4 27. Re4 Nxe5 28. Rxe5 d3 29. Rd1 d2 30. Re2 Rad8 31. Be4+ Kxg7 32. Re3 Rc7 33. Bf3 Rc1 34. b3 {Sealed Move.} 0-1

[Event "SRCS Ch"]
[Site "?"]
[Date "1996.??.??"]
[Round "3"]
[White "Lyne, Colin"]
[Black "Brameld, Arthur F"]
[Result "1-0"]
[WhiteElo "1895"]
[BlackElo "2190"]
[PlyCount "63"]
[EventDate "1996.??.??"]
[EventType "simul"]
[EventRounds "4"]

1. e4 Nf6 2. e5 Nd5 3. d4 d6 4. c4 Nb6 5. exd6 cxd6 6. Nc3 g6 7. a4 a5 8. c5 dxc5 9. Bb5+ Bd7 10. dxc5 Bxb5 11. Qxd8+ Kxd8 12. axb5 N6d7 13. Be3 e6 14. Na4 Bg7 15. O-O-O Ke7 16. Nf3 Rd8 17. Rhe1 Nf6 18. Nb6 Nbd7 19. Nxa8 Rxa8 20. Kb1 a4 21. c6 bxc6 22. bxc6 Nb8 23. Bc5+ Ke8 24. Nd4 Na6 25. Nb5 Rb8 26. c7 Ra8 27. Nd6+ Kd7 28. c8=Q+ Rxc8 29. Nxc8+ Kxc8 30. Rc1 Kb7 31. Bd4 Nb4 32. Rc4 1-0